000
00278nam a2200133Ia 4500
082
_a
616.0092
_b
M85S
100
_a
SEARS ,W. GORDON
245
_a
MEDICINE FOR NURSES
250
_a
13TH
260
_b
ARNOLD
_a
DELHI
_c
1985
300
_a
600
650
_a
NURSING
942
_2
ddc
_c
BK
999
_c
1855
_d
1855